000 00987nam a2200253 i 4500
001 186330
003 SpMaBN
005 20251212170259.0
008 161025s1992 sp c |||| |dspa d
020 _a84-206-0598-0
080 _a133(035.3)"15"
100 1 _aAgrippa von Nettesheim, Heinrich Cornelius,
_d1486-1535
_9147833
245 1 0 _aFilosofía oculta
_b: magia natural /
_cEnrique Cornelio Agrippa ; introducción, traducción y notas de Bárbara Pastor de Arozena.
260 _aMadrid :
_bAlianza Editorial,
_c[1992]
300 _a282 p. ;
_c18 cm.
490 1 _aEl libro de bolsillo ;
_v1598.
_aHumanidades
504 _aBibliografía: p. 20-22.
650 7 _aOcultismo-
_vObras anteriores a 1800.
_915686
650 7 _aMagia-
_vObras anteriores a 1800.
_9161113
700 1 _aPastor de Arozena, Bárbara.
_989500
830 0 3 _aEl libro de bolsillo.
_pHumanidades
_v1598.
_9178672
852 _aES-MaACL
_jL-30690
_z. - Donat. Miguel A. Velasco
999 _c186330
_d186330